000
00193 a2200097 4500
001
43011
100
_a
Bell
245
_a
Soldiers glory
260
_a
London
_b
G Bell
_c
090
_c
26884
_d
26884
942
_a
NUST-CAE
_c
M
_c
18762
999
_c
278084
_d
278084